How to: teach english
में बचाया:
| मुख्य लेखक: | |
|---|---|
| स्वरूप: | पुस्तक |
| भाषा: | अंग्रेज़ी |
| प्रकाशित: |
Essex
Pearson Education
2007
|
| विषय: | |
| टैग: |
टैग जोड़ें
कोई टैग नहीं, इस रिकॉर्ड को टैग करने वाले पहले व्यक्ति बनें!
|
MARC
| LEADER | 00000nam a2200000 a 4500 | ||
|---|---|---|---|
| 001 | UCI7068 | ||
| 003 | CL-VaPUC | ||
| 008 | 080605e20070000uk |||||||||||||||||eng|d | ||
| 020 | |a 9781405847742 | ||
| 082 | 0 | 4 | |a 428.007 |b HAR |2 21 |
| 100 | |a Harmer, Jeremy |e author |9 565657 | ||
| 245 | 1 | 0 | |a How to: teach english |
| 300 | |a 288 p | ||
| 942 | |c BK | ||
| 945 | |d 20080605 00:00:00 |a jtorresc | ||
| 260 | |a Essex |b Pearson Education |c 2007 | ||
| 650 | 0 | |a Enseñanza del inglés |9 367340 | |
| 650 | 7 | |a PRONUNCIACION |2 CL-VaPUC |9 371723 | |
| 650 | 0 | |a Vocabulario |9 345405 | |
| 650 | 0 | |a Comprensión |9 339377 | |
| 650 | 0 | |a Inglés |9 260023 | |
| 583 | |a last modification |c 20171204 01:49:54 |k Rodrigo Vera | ||
| 999 | |c 330467 |d 330465 | ||
| 952 | |0 0 |1 0 |4 0 |6 428_007000000000000_HAR_2007 |7 0 |8 A |9 416027 |a BIBEDU |b BIBEDU |d 2019-11-22 |i 4446852 |l 1 |o 428.007 HAR 2007 |p 4446852 |r 2024-12-19 |s 2024-12-09 |w 2019-11-22 |y BK |k LIT | ||
| 952 | |0 0 |1 0 |4 0 |6 428_007000000000000_HAR_2007 |7 0 |8 A |9 416028 |a BIBEDU |b BIBEDU |d 2019-11-22 |i 4446860 |l 1 |o 428.007 HAR 2007 |p 4446860 |r 2025-03-31 |s 2025-03-19 |w 2019-11-22 |y BK |k LIT | ||